000 00385nam a2200157Ia 4500
008 200103s9999||||xx |||||||||||||| ||und||
020 _a9780707714851
040 _aIMU-MPC
082 _aColumn-10
100 _aAdmiralty
245 0 _aTide Tables
250 _aVol. 2, NP 202-05, 2005
260 _bAdmirality Charts and Publications
_c2005
300 _axxxviii, 347
942 _cBK
999 _c4474
_d4474